Derecho civil español común y foral (Record no. 41830)
[ view plain ]
| 000 -LEADER | |
|---|---|
| campo de control de longitud fija | 00950nam a2200205 i 4500 |
| 001 - NÚMERO DE CONTROL | |
| campo de control | 41830 |
| 003 - IDENTIFICADOR DE NÚMERO DE CONTROL | |
| campo de control | ES-MaACL |
| 005 - FECHA Y HORA DE LA ÚLTIMA TRANSACCIÓN | |
| campo de control | 20250808084925.0 |
| 007 - CAMPO FIJO DE DESCRIPCIÓN FÍSICA--INFORMACIÓN GENERAL | |
| campo de control de longitud fija | t| |
| 008 - DATOS DE LONGITUD FIJA--INFORMACIÓN GENERAL | |
| campo de control de longitud fija | 030311m19411942sp |||| | spa d |
| 100 1# - ENTRADA PRINCIPAL--NOMBRE DE PERSONA | |
| Nombre de persona | Castán Tobeñas, José, |
| Fechas asociadas al nombre | 1889-1969 |
| 9 (RLIN) | 36392 |
| 245 10 - MENCIÓN DEL TÍTULO | |
| Título | Derecho civil español común y foral |
| Resto del título | : obra ajustada al programa para las oposiciones a Notarías determinadas / |
| Mención de responsabilidad, etc. | José Castán Tobeñas. |
| 250 ## - MENCION DE EDICION | |
| Mención de edición | 5ª ed. totalmente ref. |
| 260 ## - PUBLICACIÓN, DISTRIBUCIÓN, ETC. | |
| Lugar de publicación, distribución, etc. | Madrid : |
| Nombre del editor, distribuidor, etc. | Reus, |
| Fecha de publicación, distribución, etc. | 1941-42. |
| 300 ## - DESCRIPCIÓN FÍSICA | |
| Extensión | 4 v. ; |
| Dimensiones | 23 cm. |
| 505 8# - NOTA DE CONTENIDO CON FORMATO | |
| Nota de contenido con formato | Contiene: V. I: Parte general. -- V. II: Derechos reales. Derecho de obligaciones (Doctrina general). -- V. III: Derecho de obligaciones (Doctrina especial de contratos). Derecho de familia. -- V. IV: Derecho de familia (Relaciones paterno-filiales y tutelares). Derecho de sucesiones |
| 650 04 - PUNTO DE ACCESO ADICIONAL DE MATERIA--TÉRMINO DE MATERIA | |
| Término de materia o nombre geográfico como elemento de entrada | Derecho civil- |
| Subdivisión geográfica | España |
| 9 (RLIN) | 11659 |
| 852 ## - LOCALIZACIÓN | |
| Ubicación | ES-MaACL |
| Número de control de estantería | F-15485-88 |
| Estatus retirado | Estado de pérdida | Estado de daño | No para préstamo | Biblioteca de origen | Biblioteca actual | Ubicación en estantería | Fecha de adquisición | Fuente de adquisición | Total de préstamos | Signatura topográfica completa | Código de barras | Visto por última vez | Precio de reemplazo | Tipo de ítem Koha |
|---|---|---|---|---|---|---|---|---|---|---|---|---|---|---|
| Biblioteca del Ateneo de Madrid | Biblioteca del Ateneo de Madrid | Sala Pecera Planta 2 | 17/01/2008 | F-15485-88 | 1044035 | 23/02/2023 | 23/02/2023 | Libro impreso |
